000 00658cam a2200193 a 4500
020 _a0131258168 (recycled paper)
040 _cDLC
082 0 0 _a428 PRE 1995 A028 Or.
100 1 _aStupak, Steven A.
245 1 4 _aThe Prentice Hall Regents prep book for the TOEIC test /
246 3 0 _aPrep book for the TOEIC test
246 3 _aPrep book for the test of English for international communication
260 _aEnglewood Cliffs, N.J. :
_bPrentice Hall Regents,
_cc1995.
300 _axi, 288 p. :
_bill. ;
_c28 cm.
650 0 _aTest of English for International Communication
650 0 _aEnglish language
650 0 _aEnglish language
942 _cEK
999 _c13031
_d13031